Statistiques concernant Les provinces de l'Argentine

Cliquez ici pour prendre le quiz!

Statistiques générales

  • Ce quiz a été pris 28 fois
  • Le résultat moyen est 12 sur 24

Statistiques - réponses

PopulationSuperficieProvince ou District Fédéral% Correct
15,625,084307 571 km²Province de Buenos Aires
96%
2,890,151202 km²Ville de Buenos Aires (CABA)
96%
1,738,929148 827 km²Mendoza
70%
3,308,876165 321 km²Córdoba
65%
681,05589 651 km²San Juan
61%
673,30753 219 km²Jujuy
57%
127,20521 478 km² / 1 002 445 km²Terre de Feu, Antarctique et Îles de l'Atlantique Sud
57%
318,951143 440 km²La Pampa
52%
432,31076 748 km²San Luis
52%
1,055,25999 633 km²Chaco
48%
1,101,59329 801 km²Misiones
48%
1,214,441155 488 km²Salta
48%
3,194,537133 007 km²Santa Fe
48%
1,448,18822 524 km²Tucumán
48%
551,26694 078 km²Neuquén
43%
1,235,99478 781 km²Entre Ríos
39%
638,645203 013 km²Río Negro
39%
273,964243 943 km²Santa Cruz
39%
509,108224 686 km²Chubut
35%
992,59588 199 km²Corrientes
35%
367,828102 602 km²Catamarca
30%
333,64289 680 km²La Rioja
30%
874,006136 351 km²Santiago del Estero
30%
530,16272 066 km²Formosa
26%

Distribution des résultats

Percentile par nombre de réponses

% des personnes avec chaque résultat

Votre développement - résultats

Vous n’avez pas pris ce quiz